000 00850naa a22002417a 4500
001 BR8708482
003 BR-BrBNA
005 20240918175924.0
007 ta
008 230509b bl.||||| |||| 00| 0 por d
040 _aBR-BrBNA
_bpor
_cBiblioteca Nacional de Agricultura
041 _a(Pt)
072 _aF06
090 _aF06 BR8708482
100 1 _aTelles, D.D'A.
245 1 _aIrrigacao por aspersao
260 3 _aSao Paulo, SP (Brasil):
_c1984.
500 _aCapacitacao basica em irrigacao. Programa de treinamento tecnico, n. 4 Sao Paulo, SP (Brasil): 1984. p. 371-428 (BR8708482-AM)F06
650 _aIRRIGACAO POR ASPERSAO
773 0 _tCapacitacao basica em irrigacao. Programa de treinamento tecnico, n. 4
_wF06 BR8708482
_gSao Paulo, SP (Brasil), 1984. p. 371-428
909 _a202404
_bLucia
_c55
_dLucia Elande
942 _cAM
_2AGRIS
999 _c318818
_d318818